Rukoväť vynálezcu a zlepšovateľa

Salvato in:
Dettagli Bibliografici
Autore principale: Špindler, Karel
Altri autori: Vondrák, Vlastislav
Natura: Libro
Lingua:slovacco
Pubblicazione: Bratislava Práca 1989
Edizione:2. vyd.
Serie:Knižnica mzdových a pracovnoprávnych príručiek Zv.3/89
Tags: Aggiungi Tag
Nessun Tag, puoi essere il primo ad aggiungerne!!

MARC

LEADER 00000nam a2200000 4500
001 c040661
005 20221215071442.9
041 0 |a slo 
044 |a SK 
245 1 0 |a Rukoväť vynálezcu a zlepšovateľa  |c Karel Špindler, Vlastislav Vondrák 
250 |a 2. vyd. 
264 1 |a Bratislava  |b Práca  |c 1989 
300 |a 250 s. 
490 1 |a Knižnica mzdových a pracovnoprávnych príručiek  |v Zv.3/89 
830 0 |a Knižnica mzdových a pracovnoprávnych príručiek  |v Zv.3/89 
100 1 |a Špindler, Karel 
700 1 |a Vondrák, Vlastislav